000 00220nam a22001097a 4500
041 _aENG
245 _aHome Energy Conservation
260 _aPune
_bMEDA
_c2002
300 _a30
650 _aEOES
856 _uEOES ( 12 )
999 _c1257
_d1257